<?xml version="1.0" encoding="UTF-8"?>
<record
    xmlns:xsi="http://www.w3.org/2001/XMLSchema-instance"
    xsi:schemaLocation="http://www.loc.gov/MARC21/slim http://www.loc.gov/standards/marcxml/schema/MARC21slim.xsd"
    xmlns="http://www.loc.gov/MARC21/slim">

  <leader>01715nam a22002297a 4500</leader>
  <controlfield tag="005">20250425144834.0</controlfield>
  <controlfield tag="008">250425b        |||||||| |||| 00| 0 eng d</controlfield>
  <datafield tag="020" ind1=" " ind2=" ">
    <subfield code="a">9788180545955</subfield>
  </datafield>
  <datafield tag="040" ind1=" " ind2=" ">
    <subfield code="c">AIMIT LIBRARY</subfield>
  </datafield>
  <datafield tag="082" ind1=" " ind2=" ">
    <subfield code="2">1</subfield>
    <subfield code="a">657.42</subfield>
    <subfield code="b">MAHS</subfield>
  </datafield>
  <datafield tag="100" ind1=" " ind2=" ">
    <subfield code="a">Maheshwari, S N.</subfield>
    <subfield code="9">208827</subfield>
  </datafield>
  <datafield tag="245" ind1=" " ind2=" ">
    <subfield code="a">Fundamentals of cost accounting /</subfield>
    <subfield code="c">By S N Maheshwari.</subfield>
  </datafield>
  <datafield tag="250" ind1=" " ind2=" ">
    <subfield code="a">1st ed.</subfield>
  </datafield>
  <datafield tag="260" ind1=" " ind2=" ">
    <subfield code="a">New Delhi :</subfield>
    <subfield code="b">Sultan Chand and Sons ,</subfield>
    <subfield code="c">2023.</subfield>
  </datafield>
  <datafield tag="300" ind1=" " ind2=" ">
    <subfield code="a">xiv,551,Q.40p. ;</subfield>
    <subfield code="b">PB</subfield>
    <subfield code="c">24 cm.</subfield>
  </datafield>
  <datafield tag="500" ind1=" " ind2=" ">
    <subfield code="a">Provides conceptual clarity in a simple and lucid style.
Contains adequate illustrative material (309 solved problems)
</subfield>
  </datafield>
  <datafield tag="505" ind1=" " ind2=" ">
    <subfield code="a">
Contents :

Section A

Cost Accounting : Meaning &amp; Scope
Basic Cost Concepts
Material Cost Control
Valuation of Materials
Material Losses
Labour Cost Control
Labour Remuneration
Direct Expenses
Overheads : General
Distribution
Single, unit or output Costing
Job &amp; Batch Costing
Contract Costing
Process Costing
Operation Costing
Operating or Service&#x2014;Costing
Non-Integral System of Accounting
Integral System of Accounting
Reconciliation of Cost and Financial Account
Section B

Cost Control and Cost Reduction
Uniform Costing &amp; Inter-Firm Comparison
Cost Records and Cost Audit
Activity Based Costing
Section C

Budgetary Control &amp; Performance Measurement
Standard Costing
Variance Analysis
Marginal Costing and Profit Planning
Decisions Involving Alternative Choices
Latest Examns. Question Papers with Solutions.
</subfield>
    <subfield code="r">Authored By : Maheshwari SN</subfield>
  </datafield>
  <datafield tag="650" ind1=" " ind2=" ">
    <subfield code="a">Labour cost control</subfield>
    <subfield code="9">208828</subfield>
  </datafield>
  <datafield tag="650" ind1=" " ind2=" ">
    <subfield code="a">Labour remuneration</subfield>
    <subfield code="9">208829</subfield>
  </datafield>
  <datafield tag="650" ind1=" " ind2=" ">
    <subfield code="a">Reconciliation of cost and financial accounts</subfield>
    <subfield code="9">208830</subfield>
  </datafield>
  <datafield tag="942" ind1=" " ind2=" ">
    <subfield code="2">ddc</subfield>
    <subfield code="c">BK</subfield>
    <subfield code="e">1st ed.</subfield>
    <subfield code="k">657.42 MAHS</subfield>
  </datafield>
  <datafield tag="999" ind1=" " ind2=" ">
    <subfield code="c">234235</subfield>
    <subfield code="d">234235</subfield>
  </datafield>
  <datafield tag="952" ind1=" " ind2=" ">
    <subfield code="0">0</subfield>
    <subfield code="1">0</subfield>
    <subfield code="2">ddc</subfield>
    <subfield code="4">0</subfield>
    <subfield code="7">0</subfield>
    <subfield code="8">MBA</subfield>
    <subfield code="a">AIMIT</subfield>
    <subfield code="b">AIMIT</subfield>
    <subfield code="c">CA</subfield>
    <subfield code="d">2025-03-17</subfield>
    <subfield code="e">Biblios Book Point</subfield>
    <subfield code="g">595.00</subfield>
    <subfield code="i">Bill no:7480; Bill dt:2025/3/12</subfield>
    <subfield code="l">0</subfield>
    <subfield code="o">657.42 MAHS</subfield>
    <subfield code="p">MBA15094</subfield>
    <subfield code="r">2026-05-23 00:00:00</subfield>
    <subfield code="v">505.75</subfield>
    <subfield code="w">2025-04-25</subfield>
    <subfield code="y">BK</subfield>
  </datafield>
  <datafield tag="952" ind1=" " ind2=" ">
    <subfield code="0">0</subfield>
    <subfield code="1">0</subfield>
    <subfield code="2">ddc</subfield>
    <subfield code="4">0</subfield>
    <subfield code="7">0</subfield>
    <subfield code="8">MBA</subfield>
    <subfield code="a">AIMIT</subfield>
    <subfield code="b">AIMIT</subfield>
    <subfield code="c">CA</subfield>
    <subfield code="d">2025-03-17</subfield>
    <subfield code="e">Biblios Book Point</subfield>
    <subfield code="g">595.00</subfield>
    <subfield code="i">Bill no:7480; Bill dt:2025/3/12</subfield>
    <subfield code="l">0</subfield>
    <subfield code="o">657.42 MAHS</subfield>
    <subfield code="p">MBA15095</subfield>
    <subfield code="r">2026-05-23 00:00:00</subfield>
    <subfield code="v">505.75</subfield>
    <subfield code="w">2025-04-25</subfield>
    <subfield code="y">BK</subfield>
  </datafield>
</record>
